| 000 | 01356nam a2200289 a 4500 | ||
|---|---|---|---|
| 001 | 001010160 | ||
| 003 | AM-YeHGA | ||
| 005 | 20250617153736.0 | ||
| 008 | 140328s1955 ||||||||r|||||000|0|rus|d | ||
| 040 | _aAM-YeHGA | ||
| 041 | 0 | _arus | |
| 245 | 0 | 0 |
_aМатериалы к изучению женьшеня и лимонника / _cАН СССР, Дальневосточный филиал им. В.Л. Комарова. |
| 260 |
_aМосква ; _aЛенинград : _bИзд-во АН СССР, _c1955 -. |
||
| 300 | _c26 см. | ||
| 504 | _aБиблиогр. в конце ст. | ||
| 505 | 0 |
_gВып. 1 (1951, 144 с., ил.) _gВып. 2 (1955, 195 с., ил.) _rПод ред. Н.В. Лазарева _gВып. 3 (1958, 230 с., ил.) _gВып. 4 (1960, 248 с., ил.) |
|
| 650 | 1 | 4 | _aЛекарственные растения |
| 650 | 1 | 4 | _aЛимонниковые |
| 650 | 1 | 4 | _aЛимонник |
| 650 | 1 | 4 | _aЖеньшень |
| 650 | 1 | 4 | _aБотаника |
| 650 | 1 | 4 | _aРастений болезни |
| 650 | 1 | 4 |
_aПрепараты, полученные из растений _xтерапевтическое применение |
| 700 | 1 |
_aЛазарев, Н.В. _eред. _4edt |
|
| 710 | 2 |
_aАкадемия наук СССР _bДальневосточный филиал им. В.Л. Комарова |
|
| 090 | _c399200 | ||
| 999 |
_c397112 _d397112 |
||